Word scramble 2 - Statistics

General Stats
  • This quiz has been taken 29 times
  • The average score is 12 of 16
Answer Stats
Hint Answer % Correct
RCEIP Price
100%
FTHIS Shift
100%
NOTUTB Button
96%
FMERA Frame
96%
YUCIJ Juicy
96%
HTEIW White
96%
LISLY Silly
92%
TTEDPOS Spotted
84%
IBSNO Bison
80%
WOLIGBN Bowling
80%
ATIACOVN Vacation
68%
OAENC Ocean
64%
HNGOISU Housing
48%
LIAPESC Special
44%
ROTULACCAL Calculator
40%
REUOS Euros
24%
No matching quizzes found
Score Distribution
Percent of People with Each Score
Percentile by Number Answered
Your Score History
You have not taken this quiz